Dans quel jeu Zelda apparaît pour la première fois cet ennemi ? - Statistiques

Statistiques générales
  • Ce quiz a été pris 23 fois
  • Le résultat moyen est 14 sur 19
Statistiques - réponses
Ennemi Jeu de première apparition % Correct
Lithorok Breath of the Wild
94%
Bullbo Twilight Princess
94%
Skytail Skyward Sword
89%
Blob Majora's Mask
83%
Skulltula Ocarina of Time
83%
Trogloblin Tears of the Kingdom
83%
Spectre Phantom Hourglass
78%
Dodongo The Legend of Zelda
78%
Bokoblin The Wind Waker
78%
Carapique Link's Awakening
72%
Chevalier Fléau A Link to the Past
67%
Wisp Oracle of Ages
67%
Cranomachine Spirit Tracks
67%
Ver de Terre The Minish Cap
67%
Dark Link Zelda II: The Adventure of Link
67%
Rubis-Like Four Swords
61%
Lumizol Echoes of Wisdom
56%
Peste Totem Triforce Heroes
44%
Karat Crab A Link Between Worlds
39%
Aucun quiz correspondant
Distribution des résultats
% des personnes avec chaque résultat
Percentile par nombre de réponses
Votre historique - résultats
Vous n’avez pas pris ce quiz